Estadísticas para Ganadores Balon de oro

Haz click aquí para intentar la prueba.

Estadísticas generales

  • Esta prueba ha sido intentada 135 veces
  • La puntuación promedio es 33 de 65

Estadísticas de respuestas

HintRespuesta% Correcto
2021messi
99%
2012messi
99%
2019messi
99%
2010messi
99%
2011messi
99%
2009messi
99%
2015messi
99%
2014cristiano
97%
2013cristiano
97%
2016cristiano
97%
2017cristiano
97%
2008cristiano
97%
2018modric
96%
2002ronaldo
94%
1997ronaldo
94%
2005ronaldinho
83%
2006cannavaro
79%
2007kaka
77%
1998zidane
76%
1974cruyff
71%
1973cruyff
71%
1971cruyff
71%
1957di stefano
66%
1959di stefano
66%
2001owen
55%
1972beckenbauer
54%
1976beckenbauer
54%
2000figo
52%
1983platini
51%
1984platini
51%
1985platini
51%
1999rivaldo
50%
1988van basten
49%
1989van basten
49%
1992van basten
49%
1963yashin
47%
1970muller
46%
1987gullit
43%
2004shevchenko
43%
1960suarez
43%
1995weah
36%
1993baggio
35%
2003nedved
35%
1968best
31%
1990matthaus
30%
1965eusebio
26%
1966charlton
23%
1982rossi
20%
1991papin
19%
1994stoichkov
19%
1958kopa
16%
1956matthews
16%
1961sivori
14%
1996sammer
12%
1980rummenigge
11%
1981rummenigge
11%
1978keegan
9%
1979keegan
9%
1964law
8%
1962masopust
8%
1967albert
7%
1977simonsen
7%
1975blojin
6%
1986belanov
5%
1969rivera
5%

Distribución de puntuación

Porcentaje por número respondido

Porcentaje de gente con cada puntuación

Historial de tus puntuaciones

No has intentado esta prueba.